| 000 | 00471nam a2200193Ia 4500 | ||
|---|---|---|---|
| 003 | 0100 | ||
| 008 | 130227s9999 xx 000 0 und d | ||
| 040 | _cARRUPELIB | ||
| 050 | _aDT352.8L46 2008 | ||
| 100 | _aLemarchand, Rene | ||
| 245 | 4 | _aThe dynamics of violence in Central Africa | |
| 260 | _aPhiladelphia | ||
| 260 | _bUniversity of Pennsylvania Press | ||
| 260 | _C2008 | ||
| 300 | _axv | ||
| 300 | _b 327p. 23cm. | ||
| 650 | _bEconomics | ||
| 942 |
_2lcc _01 |
||
| 999 |
_c4786 _d4786 |
||